|
|
|
|
| LEADER |
00000nlm0a2200000 4500 |
| 001 |
180516 |
| 005 |
20231218150023.0 |
| 035 |
|
|
|a (RuTPU)RU\TPU\book\195688
|
| 090 |
|
|
|a 180516
|
| 100 |
|
|
|a 20100519d2010 k y0rusy50 ca
|
| 101 |
0 |
|
|a rus
|
| 102 |
|
|
|a RU
|
| 105 |
|
|
|a a dm 001zy
|
| 135 |
|
|
|a drbn ---uucaa
|
| 181 |
|
0 |
|a i
|
| 182 |
|
0 |
|a b
|
| 200 |
1 |
|
|a Совершенствование защиты от замыканий на землю в обмотке статора гидрогенераторов укрупненного блока
|e автореферат диссертации на соискание ученой степени кандидата технических наук
|e спец. 05.14.02
|f Е. А. Понамарев
|g Томский политехнический университет, Кафедра "Электрические станции" ; науч. рук. Р. А. Вайнштейн
|
| 203 |
|
|
|a Текст
|c электронный
|
| 210 |
|
|
|a Томск
|d 2010
|
| 215 |
|
|
|a 1 файл (969 Kb)
|
| 300 |
|
|
|a Заглавие с титульного экрана
|
| 300 |
|
|
|a Электронная версия печатной публикации
|
| 337 |
|
|
|a Adobe Reader
|
| 452 |
|
1 |
|0 (RuTPU)RU\TPU\book\194165
|t Совершенствование защиты от замыканий на землю в обмотке статора гидрогенераторов укрупненного блока
|o автореферат диссертации на соискание ученой степени кандидата технических наук
|o спец. 05.14.02
|f Е. А. Понамарев
|g Томский политехнический университет (ТПУ), Кафедра "Электрические станции" ; науч. рук. Р. А. Вайнштейн
|c Томск
|d 2010
|p 21 с.
|a Понамарев, Евгений Алексеевич
|
| 606 |
1 |
|
|a Обмотки электрических машин
|x Ремонт
|2 stltpush
|3 (RuTPU)RU\TPU\subj\46409
|9 65549
|
| 610 |
1 |
|
|a авторефераты диссертаций
|
| 610 |
1 |
|
|a труды учёных ТПУ
|
| 610 |
1 |
|
|a электронный ресурс
|
| 610 |
1 |
|
|a гидрогенераторы
|
| 610 |
1 |
|
|a замыкания на землю
|
| 610 |
1 |
|
|a защита от замыканий
|
| 610 |
1 |
|
|a укрупненные блоки
|
| 610 |
1 |
|
|a электрические величины
|
| 610 |
1 |
|
|a нулевая последовательность
|
| 610 |
1 |
|
|a токи
|
| 610 |
1 |
|
|a гармонические составляющие
|
| 610 |
1 |
|
|a дуговые перемежающиеся замыкания
|
| 610 |
1 |
|
|a математическое моделирование
|
| 675 |
|
|
|a 621.313.045(04)
|v 3
|
| 686 |
|
|
|a 05.14.02
|2 oksvnk
|
| 700 |
|
1 |
|a Понамарев
|b Е. А.
|c специалист в области электротехники
|c ассистент кафедры электроэнергетических сетей и систем Томского политехнического университета
|g Евгений Алексеевич
|9 14061
|
| 702 |
|
1 |
|a Вайнштейн
|b Р. А.
|c специалист в области электроэнергетики
|c профессор Томского политехнического университета, доктор технических наук
|f 1937-
|g Роберт Александрович
|3 (RuTPU)RU\TPU\pers\26489
|4 727
|9 12191
|
| 712 |
0 |
2 |
|a Томский политехнический университет
|b Кафедра "Электрические станции"
|3 (RuTPU)RU\TPU\col\376
|
| 801 |
|
2 |
|a RU
|b 63413507
|c 20140508
|g RCR
|
| 856 |
4 |
|
|u http://www.lib.tpu.ru/fulltext/a/2010/05.pdf
|
| 942 |
|
|
|c CF
|